Human rights in Africa: a comparative study of the African human and people's rights charter and the new Tanzania bill of rights (Record no. 45984)

MARC details
000 -LEADER
fixed length control field 00731nam a2200181 a 4500
008 - FIXED-LENGTH DATA ELEMENTS--GENERAL INFORMATION
fixed length control field 100125s1990 ||||||||||||||||| || u
020 ## - INTERNATIONAL STANDARD BOOK NUMBER
International Standard Book Number 0313268630
050 ## - LIBRARY OF CONGRESS CALL NUMBER
Classification number JC 571 Pet
100 ## - MAIN ENTRY--PERSONAL NAME
Personal name Peter, Chris Maina
245 10 - TITLE STATEMENT
Title Human rights in Africa: a comparative study of the African human and people's rights charter and the new Tanzania bill of rights
Statement of responsibility, etc. Chris Maina Peter
260 ## - PUBLICATION, DISTRIBUTION, ETC.
Place of publication, distribution, etc. New York
Name of publisher, distributor, etc. Greenwood Press
Date of publication, distribution, etc. 1990
300 ## - PHYSICAL DESCRIPTION
Extent viii, 145p.
350 ## - PRICE (NR) (BK AM CF MU VM SE) [OBSOLETE]
Price 0.00
650 ## - SUBJECT ADDED ENTRY--TOPICAL TERM
Topical term or geographic name entry element HUMAN RIGHTS--AFRICA
650 ## - SUBJECT ADDED ENTRY--TOPICAL TERM
Topical term or geographic name entry element RIGHTS
650 ## - SUBJECT ADDED ENTRY--TOPICAL TERM
Topical term or geographic name entry element CIVIL RIGHTS--TANZANIA
995 ## - RECOMMENDATION 995 [LOCAL, UNIMARC FRANCE]
-- 0.00
-- CBU-MAIN LIBRARY (Kitwe)
-- 1
-- 0.00
-- 1
-- AVAILABLE
-- Jan 25, 2010
-- Main Library Open Access Collection
Holdings
Withdrawn status Lost status Source of classification or shelving scheme Damaged status Not for loan Home library Current library Shelving location Date acquired Total Checkouts Full call number Barcode Date last seen Price effective from Koha item type
          CBU-MAIN LIBRARY, KITWE. CBU-MAIN LIBRARY, KITWE.   11/30/2022   JC 571 Pet 39881 11/30/2022 11/30/2022 MONOGRAPH